| 000 | 00498nam a2200169Ia 4500 | ||
|---|---|---|---|
| 008 | 230917s9999||||xx |||||||||||||| ||und|| | ||
| 020 | _cRS895 | ||
| 040 |
_e236996 _aMAIN |
||
| 041 | _aEnglish | ||
| 082 | _a338.4791 N153T | ||
| 100 | _aNandi, Veena Tewari | ||
| 245 | 0 | _aTourism, climate change and sustainability: Impact, planning and challenges | |
| 260 |
_aNew Delhi _bEnkay Publishing _c2013 |
||
| 300 | _a276 p. | ||
| 500 | _a2530 09/01/2017 IBS17/604 12/01/2017 IHTM (SFS) | ||
| 942 | _cBK | ||
| 999 |
_c20526 _d20526 |
||